000 00551nam a22002057a 4500
003 BUBTL
008 231231b ||||| |||| 00| 0 eng d
041 _aEnglish
082 _21st ed.
_a347/ Az11g/ 2005
100 _95629
_aAzad, Mauli
245 _aGuide Book on Civil Litigation/
_bMauli Azad
250 _a1st ed.
260 _aDhaka
_bMauli Azad
_cc2005
300 _a100 p. :
_bill. ; 21 cm.
526 _aLaw
650 0 _92102
_aLaw
856 _k0
_l0
_yDownload
942 _2ddc
_cBK
999 _c7184
_d7184